ロード中...
Selected poems /
| 第一著者: | |
|---|---|
| フォーマット: | Printed Book |
| 出版事項: |
Trichur :
Kerala Sahitya Academy ,
1978.
|
| 主題: |
| LEADER | 00450cam a2200133ua 4500 | ||
|---|---|---|---|
| 999 | |c 41880 |d 41880 | ||
| 082 | 1 | 4 | |a 894.8121 |b VAL-S |
| 100 | 1 | |a Vallathol Narayana Menon . | |
| 245 | 1 | 0 | |a Selected poems / |
| 260 | |a Trichur : |b Kerala Sahitya Academy , |c 1978. | ||
| 300 | |a 163p. ; | ||
| 650 | 0 | |a Malayalam literature-poetry-translation | |
| 942 | |c BK | ||
| 952 | |0 0 |1 0 |4 0 |6 894_812100000000000_VALS |7 0 |9 53766 |a KU |b KU |d 2015-07-05 |l 0 |o 894.8121 VAL-S |p EN11354 |r 2015-07-05 |y BK | ||